Achieving market integration : best execution, fragmentation and the free flow of capital /

Best execution, market integration, and other major financial market issues have traditionally been dealt with as separate matters requiring individual solutions. In Achieving Market Integration the author demonstrates the interrelated nature of these and other imperative problems, and sensibly redu...

Full description

Bibliographic Details
Main Author: McCleskey, Scott
Corporate Author: ScienceDirect (Online service)
Format: eBook
Language:English
Language Notes:English.
Published: Oxford ; Burlington : Butterworth-Heinemann, 2004.
Series:Global capital markets series.
Subjects:
Online Access:Connect to the full text of this electronic book

MARC

Tag First Indicator Second Indicator Subfields
LEADER 00000cam a2200000 a 4500
001 in00005734521
005 20260326153420.3
006 m o d
007 cr cn|||||||||
008 080310s2004 enka ob 001 0 eng d
040 |a OPELS  |b eng  |e pn  |c OPELS  |d OPELS  |d OCLCQ  |d CDX  |d YDXCP  |d E7B  |d MHW  |d IDEBK  |d OCLCQ  |d AU@  |d OCLCQ  |d EBLCP  |d OCLCO  |d OCLCQ  |d UMI  |d DEBSZ  |d OCLCQ  |d OCLCO  |d OCLCF  |d OCLCQ  |d U3W  |d UAB  |d OCLCQ  |d LEAUB  |d VLY  |d OCLCQ  |d OCLCO  |d COM  |d OCLCO  |d OCLCQ  |d OCLCO  |d OCLCL  |d SXB  |d OCLCQ 
015 |a GBA3V8146  |2 bnb 
019 |a 171131481  |a 232311828  |a 496157804  |a 648271747  |a 820029271  |a 1162090078 
020 |a 9780750657457 
020 |a 0750657456 
020 |a 0080493173  |q (electronic bk.) 
020 |a 9780080493176 
020 |a 1281014095 
020 |a 9781281014092 
020 |a 9786611014094 
020 |a 6611014098 
035 |a (OCoLC)213298509  |z (OCoLC)171131481  |z (OCoLC)232311828  |z (OCoLC)496157804  |z (OCoLC)648271747  |z (OCoLC)820029271  |z (OCoLC)1162090078 
037 |a 95496:95495  |b Elsevier Science & Technology  |n http://www.sciencedirect.com 
043 |a e------ 
050 4 |a HG5422  |b .M23 2004eb 
082 0 4 |a 332.632094  |2 22 
049 |a TXAM 
100 1 |a McCleskey, Scott. 
245 1 0 |a Achieving market integration :  |b best execution, fragmentation and the free flow of capital /  |c Scott McCleskey. 
260 |a Oxford ;  |a Burlington :  |b Butterworth-Heinemann,  |c 2004. 
300 |a 1 online resource (xiv, 160 pages) :  |b illustrations 
336 |a text  |b txt  |2 rdacontent 
337 |a computer  |b c  |2 rdamedia 
338 |a online resource  |b cr  |2 rdacarrier 
490 1 |a Global capital markets series 
520 |a Best execution, market integration, and other major financial market issues have traditionally been dealt with as separate matters requiring individual solutions. In Achieving Market Integration the author demonstrates the interrelated nature of these and other imperative problems, and sensibly reduces them to their common fundamental principles. Beginning with an in-depth examination of best execution in today's multiple-market environment, the book moves logically into an examination of market structure and the problems of achieving genuine integration. The book makes the case that order interaction is fundamental to addressing each of these issues, and develops a unified regulatory approach to achieve true market integration based on intermarket linkages and a cross-market best execution policy. This unique approach culminates in a coherent set of policy recommendations and an innovative framework for assessing the effectiveness of future policy proposals. *The first book on this important subject for the finance community *Explains the aims and proposes solutions to the difficulties of establishing a stock market that integrates the diverse national exchanges around Europe *Provides a discussion point for those lobbying the European Commission on formulating regulation for an integrated European capital market. 
505 0 |a Best Execution: Is this regulation necessary?; Fundamental issues; Putting it together- Elements of a sound best execution policy; Comparing approaches; A legal approach; Technological considerations; Market Integration: Liquidity, Market Fragmentation and Price Formation; Fragmentation and Concentration; Clearing and Settlement; Old Solutions to New Problems- Historical Attempts to Integrate Markets; Making Integration Work- The European Case; Making Market Integration Work: State vs. Market- Who regulates the integrated market?; Conclusions. 
504 |a Includes bibliographical references (pages 154-156) and index. 
588 0 |a Print version record. 
546 |a English. 
650 0 |a Securities  |z Europe. 
650 0 |a Money market  |z Europe. 
650 6 |a Marché monétaire  |z Europe. 
650 7 |a Money market  |2 fast 
650 7 |a Securities  |2 fast 
651 7 |a Europe  |2 fast  |1 https://id.oclc.org/worldcat/entity/E39PBJxCxPbbk4CPJDQJb4r6rq 
655 7 |a Electronic books.  |2 local 
710 2 |a ScienceDirect (Online service) 
758 |i has work:  |a Achieving market integration (Text)  |1 https://id.oclc.org/worldcat/entity/E39PCFYQgGHkpjcMM6mx9rYmv3  |4 https://id.oclc.org/worldcat/ontology/hasWork 
776 0 8 |i Print version:  |a McCleskey, Scott.  |t Achieving market integration.  |d Oxford ; Burlington : Butterworth-Heinemann, 2004  |z 0750657456  |z 9780750657457  |w (DLC) 2005357178  |w (OCoLC)61654253 
830 0 |a Global capital markets series. 
856 4 0 |u http://proxy.library.tamu.edu/login?url=https://www.sciencedirect.com/science/book/9780750657457  |z Connect to the full text of this electronic book  |t 0 
955 |a Elsevier ScienceDirect 2026-2027 
955 |a Safari/O'Reilly ebooks 
994 |a 92  |b TXA 
999 f f |i 8074bd8c-26e7-4191-9a9b-f83bb190998f  |s 79b2870a-eaad-4257-9ee5-9d056b08218d  |t 0 
952 f f |a Texas A&M University  |b College Station  |c Electronic Resources  |s www_evans  |d Available Online  |t 0  |e HG5422 .M23 2004eb  |h Library of Congress classification 
998 f f |a HG5422 .M23 2004eb  |t 0  |l Available Online